Esencia y Formas de la Simpatía (Record no. 3285)

MARC details
000 -LEADER
campo de control de longitud fija 00312nam a2200133Ia 4500
005 - FECHA Y HORA DE LA ÚLTIMA TRANSACCIÓN
campo de control 20251222140041.0
008 - DATOS DE LONGITUD FIJA--INFORMACIÓN GENERAL
campo de control de longitud fija 251222s1900||||xx |||||||||||||| ||spa||
082 ## - NÚMERO DE LA CLASIFICACIÓN DECIMAL DEWEY
Número de clasificación 129.33/S29
100 ## - ENTRADA PRINCIPAL--NOMBRE DE PERSONA
Nombre de persona Scheler, Max
245 #0 - MENCIÓN DEL TÍTULO
Título Esencia y Formas de la Simpatía
250 ## - MENCION DE EDICION
Mención de edición 3a.ed.
264 ## - PRODUCCIÓN, PUBLICACIÓN, DISTRIBUCIÓN, FABRICACIÓN Y COPYRIGHT
Nombre del de productor, editor, distribuidor, fabricante Losada, S.A.
942 ## - ELEMENTOS DE ENTRADA SECUNDARIOS (KOHA)
Tipo de ítem Koha Libros
Holdings
Estatus retirado Estado de pérdida Estado de daño No para préstamo Biblioteca de origen Biblioteca actual Ubicación en estantería Fecha de adquisición Total de préstamos Signatura topográfica completa Código de barras Visto por última vez Precio de reemplazo Tipo de ítem Koha
        Biblioteca Andrés Aziani Biblioteca Andrés Aziani Programa 22/12/2025   129.33/S29 0014689 22/12/2025 22/12/2025 Libros